Jedes Land, welches mit C beginnt, aber auf Englisch - Statistiken

Allgemein
  • Dieses Quiz wurde 159 mal gespielt
  • Das Durchschnittsergebnis liegt bei 7 aus 16
Antwortstatistiken
Antworten % Korrekt
China
91%
Chile
81%
Canada
70%
Costa Rica
67%
Colombia
56%
Croatia
53%
Cambodia
50%
Cameroon
47%
Cuba
47%
Czech Republic
40%
Cyprus
36%
Cape Verde
29%
Chad
29%
Comoros
25%
Central African Republic
23%
Cote d Iviore
5%
Keine übereinstimmenden Quizze gefunden
Verteilung der Resultate
Anzahl Personen mit jedem Resultat
Perzentil nach korrekt beantworteten Fragen
Ihre Resultats-Entwicklung
Sie haben dieses Quiz noch nicht gespielt